| 000 | 00512nam a22001697a 4500 | ||
|---|---|---|---|
| 005 | 20150806142025.0 | ||
| 010 | _aENG-113800 | ||
| 020 |
_a9789351435037 _c395.00 |
||
| 035 | _aEN-97332 | ||
| 037 | _bDBAD/PUB | ||
| 100 | _aGupta, Varun | ||
| 245 |
_aA unique approach to IBPS clerical practice papers / _cby Varun Gupta |
||
| 260 |
_aGurgaon _bLexisNexis _c2015 |
||
| 270 |
_a14th Floor, Building No.10, Tower-B, DLF Cyber City, Phase-II _bGurgaon _e122002 |
||
| 300 |
_a464p. _c25cm(pbk) |
||
| 942 |
_2ddc _cEN _mGUP |
||
| 999 |
_c95561 _d95561 |
||